Rappers By Their Most Recent Album - Statistics

General Stats
  • This quiz has been taken 220 times
    23 since last reset
  • The average score is 10 of 16
Answer Stats
Album Rapper % Correct
GNX Kendrick Lamar
100%
The Death Of Slim Shady Eminem
95%
Tha Carter 6 Lil Wayne
95%
JACKBOYS 2 Travis Scott
95%
$ome $exy $ongs 4 U Drake/PARTYNEXTDOOR
90%
Donda 2 Kanye West
90%
4:44 Jay-Z
86%
MUSIC Playboi Carti
86%
Don't Tap The Glass Tyler, The Creator
71%
Don't Be Dumb A$AP Rocky
67%
Alligator Bites Never Heal Doechii
67%
God Does Like Ugly JID
33%
Animal Ambition 50 Cent
19%
The Love Album Diddy
19%
Iz It A Crime? Snoop Dogg
19%
Man Up Ice Cube
14%
No matching quizzes found
Score Distribution
Percent of People with Each Score
Percentile by Number Answered
Your Score History
You have not taken this quiz since the last reset